| 000 | 00964nam a22002177a 4500 | ||
|---|---|---|---|
| 005 | 20100709111925.0 | ||
| 008 | 100709t xxu||||| |||| 00| 0 hin d | ||
| 010 | _aHIN-89634 | ||
| 020 |
_a9788190721579 _c200.00 |
||
| 035 | _aHN-61980 | ||
| 037 | _bDBAD / PUB | ||
| 040 |
_aDPL _bHN |
||
| 082 | _a230.64 | ||
| 100 |
_aसुमेर चन्द _926155 |
||
| 245 |
_aअपने रीति-रिवाज / _cसुमेर चन्द |
||
| 260 |
_aनई दिल्ली _bबुक बैंक इण्डिया _c2009 |
||
| 270 |
_aएस-419, (ग्रांउड-फ्लोर), ग्रेटर कैलाश-1 _bनई दिल्ली _e110048 _k29248888 |
||
| 300 |
_a168पृ _c22सेमी (सजिल्द) |
||
| 942 |
_2ddc _cHN _mसुमेर |
||
| 999 |
_c36847 _d36847 |
||